Handbook of lasers / (Record no. 62463)

000 -LEADER
fixed length control field 01189cam a22002894a 4500
001 - CONTROL NUMBER
control field 12082127
003 - CONTROL NUMBER IDENTIFIER
control field NUST - PNEC
005 - DATE AND TIME OF LATEST TRANSACTION
control field 20170116180749.0
008 - FIXED-LENGTH DATA ELEMENTS--GENERAL INFORMATION
fixed length control field 000627s2001 flua bf 001 0 eng
010 ## - LIBRARY OF CONGRESS CONTROL NUMBER
LC control number 00057894
020 ## - INTERNATIONAL STANDARD BOOK NUMBER
International Standard Book Number 0849335094 (alk. paper)
040 ## - CATALOGING SOURCE
Transcribing agency LIBRARY
042 ## - AUTHENTICATION CODE
Authentication code pcc
050 00 - LIBRARY OF CONGRESS CALL NUMBER
Classification number TA1683
Item number .W44 2001
082 00 - DEWEY DECIMAL CLASSIFICATION NUMBER
Classification number 621.366 WEB
Edition number 21
100 1# - MAIN ENTRY--PERSONAL NAME
Personal name Weber, Marvin J.,
Dates associated with a name 1932-
245 10 - TITLE STATEMENT
Title Handbook of lasers /
Statement of responsibility, etc. Marvin J. Weber.
260 ## - PUBLICATION, DISTRIBUTION, ETC.
Place of publication, distribution, etc. Boca Raton :
Name of publisher, distributor, etc. CRC Press,
Date of publication, distribution, etc. c2001.
300 ## - PHYSICAL DESCRIPTION
Extent 1198 p. :
Other physical details ill. ;
Dimensions 26 cm.
440 #4 - SERIES STATEMENT/ADDED ENTRY--TITLE
Title The CRC Press laser and optical science and technology series
504 ## - BIBLIOGRAPHY, ETC. NOTE
Bibliography, etc. note Includes bibliographical references and index.
650 #0 - SUBJECT ADDED ENTRY--TOPICAL TERM
Topical term or geographic name entry element Lasers
Form subdivision Handbooks, manuals, etc.
General subdivision MIS
856 ## - ELECTRONIC LOCATION AND ACCESS
Uniform Resource Identifier <a href="http://www.amazon.com/Handbook-Lasers-Optical-Science-Technology/dp/0849335094/ref=sr_1_1?s=books&ie=UTF8&qid=1425281703&sr=1-1&keywords=0849335094">http://www.amazon.com/Handbook-Lasers-Optical-Science-Technology/dp/0849335094/ref=sr_1_1?s=books&ie=UTF8&qid=1425281703&sr=1-1&keywords=0849335094</a>
906 ## - LOCAL DATA ELEMENT F, LDF (RLIN)
a 7
b cbc
c orignew
d 1
e ocip
f 20
g y-gencatlg
942 ## - ADDED ENTRY ELEMENTS (KOHA)
Source of classification or shelving scheme
Koha item type Book
Holdings
Withdrawn status Lost status Source of classification or shelving scheme Damaged status Not for loan Permanent Location Current Location Shelving location Date acquired Source of acquisition Cost, normal purchase price Total Checkouts Full call number Barcode Date last seen Cost, replacement price Price effective from Koha item type
          Pakistan Navy Engineering College (PNEC) Pakistan Navy Engineering College (PNEC)   01/08/2015 Progressive International Agency / Reference Grant 9000.00   621.366 WEB PNECLIB-031957 03/02/2015 9000.00 01/08/2015 Book
© 2023 Central Library, National University of Sciences and Technology. All Rights Reserved.